[Event "BCF-chTa 1112 (4NCL)"]
[Site "England"]
[Date "2011.11.13"]
[Round "2.1"]
[White "Bates, Richard"]
[Black "Edouard, Romain"]
[Result "0-1"]
[WhiteElo "2386"]
[BlackElo "2621"]
[Annotator "Edouard,R"]
[PlyCount "180"]
[EventDate "2011.11.12"]
[EventType "team-tourn"]
[EventRounds "7"]
[EventCountry "ENG"]
[SourceTitle "CBM 146"]
[Source "ChessBase"]
[SourceDate "2012.01.18"]
[SourceVersion "1"]
[SourceVersionDate "2012.01.18"]
[SourceQuality "1"]
[WhiteTeam "Blackthorne Russia"]
[BlackTeam "Guildford"]
[WhiteTeamCountry "ENG"]
[BlackTeamCountry "ENG"]

1. d4 e6 2. Nf3 c5 3. g3 cxd4 4. Nxd4 d5 5. Bg2 Nf6 6. c4 e5 7. Nb5 {Not such
a bad move, but as after 7.Nc2, 7...d4 must be met by 8.f4.} ({Of course} 7.
Nf3 {is the normal way.}) 7... d4 (7... a6 8. N5c3 d4 9. Nd5 Nxd5 10. cxd5 {
is about equal.}) 8. O-O $6 (8. f4 $8 {has to be played, otherwise White will
get a normal position with the knight on a3 instead of f3, as happened in the
game!} a6 (8... Nc6 $5 9. fxe5 Ng4 10. O-O Qb6 $13) 9. fxe5 (9. Qa4 Bd7 10.
fxe5 Ng4 {is wrong for White: the knight on b5 will be lost sooner or later.})
9... axb5 10. exf6 bxc4 11. O-O gxf6 12. Nd2 Be6 13. Bxb7 Ra7 {with unclear
play.}) 8... a6 9. N5a3 Nc6 10. e3 Be7 (10... d3 $5 11. Nc3 Bg4 {is also
typical. With such a knight on a3, I believe Black is already sort of better,
since it's a very big improvement on the usual positions.}) 11. exd4 exd4 12.
Bf4 Bg4 $5 13. Qb3 $6 (13. Bf3 {has to be played, otherwise White has no way
to develop without entering huge troubles, as in the game. Of course after} Qd7
({or Black is more than fine.} 13... h5 $5)) 13... Qd7 14. Re1 O-O 15. Nd2 Nh5
$1 {A big and typical problem in White's position: there is no good way to
develop the pieces.} 16. Be5 f6 $4 {A terrible mistake! With one more hour
than my opponent on the clock and an almost winning position, I made a typical
mistake: I forgot that something can happen to me! After the text moves my
position goes from winning to lost.} ({After} 16... Rae8 {everything is
hanging in White's position. Black is almost winning.}) 17. Bd6 $1 {Suddenly
White exchanges his bad bishop, all his other pieces come into play, and MY
pieces are all wrongly placed. White is almost winning!} ({I saw} 17. c5+ Be6 {
and overlooked the text move order!}) (17. Bxc6 $2 bxc6 18. Bxd4 Qxd4 19. Rxe7
Qxd2 $19) 17... Bxd6 (17... Na5 18. Qb4 Bxd6 19. Qxa5 $16) 18. c5+ Kh8 19. cxd6
Rae8 (19... Qxd6 20. Qxb7 $16) 20. Qd5 $5 (20. Ne4 $5 {with the idea of} Ne5
21. f4 {would be much better for White.}) 20... Re5 21. Rxe5 fxe5 22. Ne4 $2 (
22. Nac4 $1 {gives White a winning advantage since no tactic will work for
Black:} Nf6 (22... Qf5 23. f3 Bh3 24. g4 (24. Nxe5 $5 Bxg2 25. Re1 $3 $18)
24... Qg6 25. Nxe5 Nxe5 26. Qxe5 $18) 23. Qc5 $1 Qf5 (23... Re8 24. Re1 $16)
24. f3 Nd7 25. Qa3 Bh3 26. g4 Qf4 27. Bxh3 b5 28. Bg2 $16) 22... Qf5 $2 {
I understood I was alright again and blundered once more instead of going 22...
Nf6 with a very fine position.} (22... Nf6 23. Nxf6 gxf6 {followed by ...Be6, .
..Rd8, and Black is better.}) 23. f3 $1 {I noticed that move only after I had
touched my queen.} Bh3 24. Bxh3 Qxh3 25. Nc4 Qf5 $2 {One more mistake. Maybe
the joys of a morning game? I was wondering whether it was good or not to
include ...Qf5 before going ...Nf6, and after having played I noticed that ...
Nf6 is no longer posible once my queen is on f5!} (25... Nf6 26. Nxf6 gxf6) 26.
Rf1 $1 {Now Black is totally lost.} (26. g4 $2 Nf4 $15) (26. f4 $5 Qg4 27. Nf2
Nxf4 28. Nxg4 Nxd5 29. Ncxe5 $16) 26... Qf7 (26... Nf6 27. Nxf6 gxf6 $6 28. f4
$1 $18) 27. Qxf7 Rxf7 28. Nb6 ({After} 28. Nc5 b5 29. Nb6 {or}) (28. Re1 $5 {
Black is just lost: the pawn on e5 will fall soon.}) 28... Nf6 29. Rc1 $2 (29.
Nc5 {or}) (29. Ng5 {would maintain a very huge advantage for White. But due to
his time trouble, my opponent gave me the chance to come back into the game...}
) 29... Nxe4 30. fxe4 Kg8 31. Rc5 Kf8 ({After} 31... Rf8 32. Nc4 Rd8 33. a4 Kf7
34. b4 Nxb4 35. Rc7+ Kf6 36. Rxb7 {White is still better.}) 32. Nc4 Rf6 33.
Nxe5 $2 {A wrong decision in big time trouble. White was in fact better.} (33.
b4 $1 d3 34. b5 axb5 35. Rxb5 Nd4 36. Rxb7 Nf3+ 37. Kg2 Ke8 {and Black is
fighting for a draw.}) 33... Nxe5 34. Rxe5 Rxd6 35. Kf2 Rc6 36. Ke2 Rc2+ 37.
Kd3 {After spending all my time making my several mistakes, I had to take a
decision quickly: take on b2 or h2. Both make sense, but both should be drawn.
During the game, I thought both should give good winning chances, but after
studying that kind of rook ending more carefully after the game, I understood
that with normal play White should get a draw. The non-played option might be
more consistent but the following short analysis shows that White should
escape if he doesn't fall for some cheap tricks.} Rxb2 (37... Rxh2 38. b4 $5 (
38. Kxd4 Rxb2 39. Rc5 Rxa2 40. Rc8+ Kf7 41. Rc7+ Kg6 42. Rxb7 h5 $1 {might
give Black winning chances.} (42... Ra3 43. Rb6+ Kh5 44. e5 Rxg3 45. Rxa6 {
is a typical kind of draw that I didn't know about during the game:} Kg5 46.
Ke4 h5 47. Ra7 g6 48. Rf7 $1 {(simple but typical)} Rg2 49. e6 Re2+ 50. Kd5 h4
51. Rh7 Kg4 52. e7 h3 53. Kd6 g5 54. Rh8 Kg3 55. e8=Q Rxe8 56. Rxe8 g4 57. Ke5
Kh2 $5 58. Kf4 g3 59. Kg4 g2 60. Re1 $11)) 38... Rb2 $5 (38... Rxa2 39. Rc5
Ra3+ 40. Kxd4 Rxg3 41. Rc8+ Kf7 42. Rc7+ Ke8 43. Rxb7 h5 44. Rb8+ Kd7 45. Ra8
h4 (45... Rg6 46. e5 h4 47. Kd5 h3 48. e6+ $11) 46. Ra7+ Kc8 47. Rxa6 h3 48.
Ra8+ Kc7 49. Rh8 g5 50. Rh7+ Kc6 51. Rh6+ Kb5 52. Rh5 Kxb4 53. e5 $11) 39. a3
Rb3+ 40. Kxd4 Rxg3 (40... Rxa3 41. Rc5 Rxg3 42. Rc8+ Ke7 43. Rc7+ Ke8 44. Rxb7
h5 45. Rb8+ Kf7 46. Rb7+ Kg8 47. Rb8+ Kh7 48. e5 Rg1 49. b5 axb5 50. e6 $1 Re1
51. Rxb5 Rxe6 52. Rxh5+ $11) 41. a4 Ra3 $5 42. a5 Rb3 43. Kc5 {and White will
do some checks with his rook and get a draw, while after} g6 {could follow} 44.
Re6 $5 g5 45. Rf6+ Kg8 46. Rf5 h6 47. Rf6 Kg7 48. Rb6 Rc3+ 49. Kd6 Rd3+ 50. Ke6
g4 51. Kf5 $1 (51. Rxb7+ Kg6 52. Rb6 g3 53. Rxa6 g2 54. Ra8 Rd7 $1 55. Kxd7 Kf7
$19) 51... g3 52. Rxb7+ Kf8 53. Rb8+ Ke7 54. Kf4 Kf7 55. Rb7+ Kg6 56. Rb8 Kh5
57. b5 axb5 58. e5 Kh4 59. Rg8 {and White is defnitely not losing.}) 38. Rc5
Rxa2 (38... Rxh2 {is possible but after some normal moves like} 39. Rc8+ Kf7
40. Rc7+ Kg6 41. Rxb7 Rxa2 42. Kxd4 Ra3 43. Rb6+ Kh5 44. e5 Rxg3 45. Rb8 Kg6
46. Rf8 $1 {White gets a draw.}) 39. Rc8+ Kf7 40. Rc7+ Kg6 41. Rxb7 Rxh2 42.
Kxd4 Rg2 43. Rb3 Kf6 44. Rb6+ Kg5 45. Rb7 Kg6 46. Rb3 (46. Rb6+ Kh5 47. e5 {
is similar to 38...Rxh2 - draw.}) 46... a5 47. Ke5 Rf2 (47... Ra2 48. Kd6 a4
49. Rd3 Kf7 50. e5 a3 (50... Ke8 51. Rd5 {followed by Ra5 - draw.}) 51. Kd7 Re2
52. Rf3+ Kg6 53. e6 a2 54. Rf1 $11) 48. Ra3 h5 49. Rxa5 {After that move I
thought I should be completely winning: but I misunderstood the position
completely!} (49. Kd6 $5 {with the idea of} Rf6+ 50. Kd7 Rf7+ $5 (50... Ra6 51.
e5 Kf5 52. Re3 $1 {is drawn, that's why I was planning to go 50...Rf7+.}) 51.
Kd6 Ra7 52. e5 {and White is too fast:} Kf7 53. e6+ Ke8 54. Rc3 Ra8 55. Rc7 $11
) 49... Rf3 50. Kd6 Rxg3 51. e5 h4 52. Ra2 Rd3+ 53. Ke7 Re3 54. e6 h3 (54...
Kf5 55. Rf2+ $11) 55. Kd7 {Suddenly, I tried to analyse deeply every
possibility, but I couldn't find a win. After checking the game with the
engine, I understand why I couldn't find a single idea: White has many ways to
make a draw in every single line!} Kf6 $5 {An idea among some others.} (55...
Kf5 56. e7 g5 57. Ra3 $5 {(not forced as I thought!)} Rxe7+ 58. Kxe7 g4 59.
Ra5+ Kg6 60. Ra6+ Kg5 (60... Kg7 61. Ra4 $11) 61. Ra5+ Kh4 62. Kf6 h2 63. Ra8
$11) (55... Kh5 56. e7 g5 57. Ra3 $5 Rxe7+ 58. Kxe7 g4 59. Kf6 h2 60. Ra8 Kh4
61. Rh8+ Kg3 62. Kg5 $11) 56. Rf2+ Kg5 57. e7 Kg4 58. e8=Q Rxe8 59. Kxe8 g5 60.
Ke7 Kg3 61. Ra2 $6 {Still a draw, but dubious as a principle!} (61. Rf8 {
is the absolutely normal move, with an easy draw:} g4 62. Kf6 Kh2 (62... h2 63.
Rh8 Kg2 64. Kg5 g3 65. Kg4 $11 {(a well-known theoretical position)}) 63. Kg5
g3 64. Kh4 g2 65. Rf3 $11) 61... h2 62. Ra1 $4 {What good (and lucky) news
after such a long game...} (62. Ra3+ $1 Kg4 (62... Kh4 63. Ra8 g4 64. Rh8+ Kg3
65. Kf6 Kg2 66. Kg5 g3 67. Kg4 $11) 63. Ra1 {would still hold a draw: I have
no good square for my king, since it must never go to the h-file, and must
stay on the g-file in order to avoid White's rook going to the h-file.}) 62...
g4 63. Kf6 Kf4 (63... Kh3 $4 {would be the only way not to win:} 64. Kg5 g3 65.
Rb1 $11 g2 $140 $4 66. Rb3#) 64. Ra4+ Ke3 65. Ra3+ Kd4 66. Ra4+ Kc5 {No reason
not to bring my king closer to my opponent's one!} (66... Kc3 {is also
possible.}) 67. Rxg4 (67. Ra5+ Kc6 68. Rh5 g3 $19) 67... h1=Q 68. Kg5 Kd5 69.
Rf4 Qh3 70. Rf5+ Ke4 71. Rf4+ Ke5 72. Rf7 Qg3+ 73. Kh5 Ke6 74. Rf8 Qa3 75. Rf4
Qh3+ 76. Kg5 Qh7 $6 {Loss of time.} (76... Qg3+ 77. Rg4 Qe3+ 78. Kg6 Qe5 79.
Rg5 Qe4+ 80. Kg7 Qd4+ 81. Kg6 Qh4 $1 {is a normal way to carry on.}) 77. Rf6+
Ke5 78. Rf2 Qg7+ 79. Kh4 Ke4 80. Rf1 Qh6+ 81. Kg4 Qg6+ 82. Kh4 Ke3 83. Kh3 Qg5
84. Kh2 Qh4+ 85. Kg2 Ke2 (85... Qg4+ 86. Kh2 Qg5 $1 {is the fastest:} 87. Kh3 (
87. Rg1 Qh4+ 88. Kg2 Ke2 $19) 87... Ke2 $19) 86. Rg1 {Black must enter that
position with White to move.} Qg5+ (86... Qd4 {is the simplest, with the same
idea as when I played it on move 89 but an even stronger version:} 87. Kh2 Kf2
88. Rg2+ Kf1 $19) 87. Kh2 Qe5+ 88. Kg2 Qe3 89. Kh2 Qd4 $5 90. Kg2 (90. Rg3 Kf2
91. Rg2+ Kf1 $19) (90. Rg8 $1 {was the only defence, which I missed, and Black
should continue with something like} Qe5+ 91. Kg1 $8 Ke1 92. Rg4 $8 Qf5 93. Rg2
(93. Rg8 Qc5+ 94. Kh2 Qc7+ 95. Kg1 Qa7+ {loses faster.}) 93... Qf4 $1 {(Black
has managed to reverse White's king and rook!)} 94. Rg8 Qd4+ 95. Kh2 Qe5+ 96.
Kg1 Qc5+ 97. Kh2 Qc7+ 98. Kg1 Qa7+ $19 {followed by ...Qa2 or ...Qh7 next!})
90... Qh4 $1 0-1

[Event "Interpolis-01"]
[Site "Tilburg"]
[Date "1977.09.28"]
[Round "5"]
[White "Sosonko, Gennadi"]
[Black "Timman, Jan H"]
[Result "1/2-1/2"]
[WhiteElo "2530"]
[BlackElo "2590"]
[Annotator "Ftacnik,L"]
[PlyCount "63"]
[EventDate "1977.09.23"]
[EventType "tourn"]
[EventRounds "11"]
[EventCountry "NED"]
[EventCategory "14"]
[SourceTitle "MCL"]
[Source "ChessBase"]
[SourceDate "1999.07.01"]
[SourceVersion "1"]
[SourceVersionDate "1999.07.01"]
[SourceQuality "1"]

1. d4 Nf6 2. c4 e6 3. g3 c5 4. Nf3 cxd4 5. Nxd4 d5 (5... Qc7) (5... Bb4+ 6. Bd2
Qb6 7. Bxb4 Qxb4+ 8. Nc3 $1) 6. Bg2 e5 7. Nb3 (7. Nf3 d4 8. O-O Nc6 9. e3 Be7
10. exd4 exd4 11. Bf4 $14) 7... d4 8. e3 (8. f4 Bb4+ 9. Bd2 Ng4 10. O-O Bxd2
11. Qxd2 Ne3 12. Rf2 Nxc4 13. Qb4 Ne3 14. Bxb7 Bxb7 15. Qxb7 Nd7 $15 {
Sosonko-Ruban/Leningrad-ch/1967}) 8... Bg4 $5 (8... a5 9. exd4 a4 10. Nc5 exd4
11. Nd3 Be7 12. O-O O-O {Szilagy-Forintos/Hungary-ch/1958/=Boleslavsky}) 9. f3
Be6 10. exd4 Bxc4 11. dxe5 Nd5 $44 {<->->g1-a7,} 12. Nc3 (12. f4 $2 Bb4+ 13.
Bd2 Qb6 {P 14... e3, 14... e3}) 12... Bb4 13. Bd2 Bxc3 (13... Nxc3 14. bxc3 Be7
15. f4 $14) 14. Bxc3 Nc6 15. Qd2 Qb6 $2 (15... Qe7 $142 {P 16...0-0-0~/=}) 16.
Na5 $1 Ne3 $8 (16... Nxa5 17. Bxa5 {P 18.f4 , 18. e1}) 17. Nxc4 Nxc4 18. Qf2
Ne3 19. Ke2 Nxg2 (19... Qb5+ 20. Kxe3 O-O-O 21. Qc2 $18 {Sosonko}) 20. Qxb6
axb6 21. Kf2 Nh4 $1 (21... b5 22. Kxg2 b4 23. Bd2 $14) 22. gxh4 Ke7 23. Rhg1
Rhg8 (23... g6 24. a3 {P ae1, g4, f4, f6, f4-f5/h4-h5}) 24. Rg4 $2 (24. a3 $142
$16) (24. h5 {Karpov} Ra4 25. Rg4 Rxg4 26. fxg4 Ke6 $10) 24... h5 25. Re4 Ke6
26. a3 Rad8 {P c6-e7-d5~/=} 27. Rg1 Ne7 28. Rb4 Nd5 29. Rb5 (29. Rb3 $142)
29... Rc8 30. Rd1 Rc5 31. Rb3 (31. Rxd5 Kxd5 32. Rxb6 Rc7 33. Rd6+ Kc4 34. Ke3
$36 {Sosonko}) 31... Rgc8 32. Kg3 (32. Kg3 R8c6 $15) 1/2-1/2

[Event "Interzonal-16"]
[Site "Biel"]
[Date "1993.??.??"]
[Round "8"]
[White "Lputian, Smbat G"]
[Black "Arencibia Rodriguez, Walter"]
[Result "1-0"]
[WhiteElo "2565"]
[BlackElo "2485"]
[Annotator "Ftacnik,L"]
[PlyCount "59"]
[EventDate "1993.07.16"]
[EventType "swiss"]
[EventRounds "13"]
[EventCountry "SUI"]
[SourceTitle "CBM 037"]
[Source "ChessBase"]
[SourceDate "1993.12.01"]
[SourceVersion "1"]
[SourceVersionDate "1993.12.01"]
[SourceQuality "1"]

1. d4 d5 2. c4 e6 3. Nf3 c6 4. Nc3 dxc4 5. g3 (5. e4) 5... Nf6 6. Bg2 Nbd7 7.
O-O Bd6 $5 (7... b5) (7... Be7) 8. Qc2 $5 O-O (8... b5 9. a4 Qb6 10. e4 $36) 9.
Rd1 Qe7 (9... b5 10. e4 $1) 10. Bg5 h6 (10... e5 11. Ne4 exd4 12. Nxd6 Qxd6 13.
Rxd4 $14) 11. Bxf6 Nxf6 12. Nd2 (12. Ne5 c5 $1 (12... Bxe5 13. dxe5 Nd5 14. Ne4
b5 15. b3 $1 $44)) 12... e5 (12... c5 13. dxc5 Bxc5 14. Nxc4 Rb8 15. a3 $14)
13. d5 cxd5 14. Nxd5 Nxd5 15. Bxd5 c3 $5 (15... Bg4 16. Nxc4 {/\ Qe4+/-}) 16.
Qxc3 (16. bxc3 Be6) 16... Bg4 17. Nc4 Rac8 $6 (17... Rad8 $5 18. Qe3 b6 19. Qe4
{/\} Bc8 20. Nxd6 Rxd6 21. f4 $14) 18. Qe3 Bb8 19. Qe4 (19. Na5 Qb4 $5 (19...
Rc5 $6 20. b4 Rb5 21. a3 $16) 20. Qd2 $14) (19. Rd2 $1 Kh8 20. Na5 $16) 19...
Qg5 $1 20. h4 Qh5 21. Rd2 $2 (21. Ne3 $1 Bxe2 22. Rd2 Ba6 $8 23. Bxb7 Bxb7 24.
Qxb7 Kh8 25. Rd7 $16) 21... Kh8 $1 22. Ne3 (22. Re1 $2 f5 23. Qg2 (23. Qh1 e4
$40) 23... f4 $40) 22... f5 23. Qg2 $2 (23. Qd3 $8 e4 24. Qd4 f4 (24... Bxe2
25. Be6 f4 26. Nf5 $13) 25. Nxg4 Qxg4 26. Qxe4 Rce8 27. Qf3 Qxf3 $10) 23...
Bxe2 24. g4 Bxg4 25. f3 Bxf3 $2 (25... Qxh4 26. fxg4 a6 $3 $17) 26. Bxf3 Qxh4
27. Rd7 g5 (27... Qg5 28. Qxg5 hxg5 29. Kg2 $1 e4 30. Rh1+ Kg8 31. Bd1 $18) 28.
Bxb7 Rce8 $2 (28... Rc7 29. Rad1 Rxd7 30. Rxd7 e4 31. Ba6 $16) 29. Rf1 f4 (
29... e4 30. Nxf5 Rxf5 31. Rxf5 e3 32. Ba6 $18) 30. Qe4 1-0

[Event "Kecskemet"]
[Site "Kecskemet"]
[Date "1992.??.??"]
[Round "4"]
[White "Schmidt, Peter"]
[Black "Hracek, Zbynek"]
[Result "1-0"]
[WhiteElo "2405"]
[BlackElo "2460"]
[Annotator "Ftacnik,L"]
[PlyCount "81"]
[EventDate "1992.04.??"]
[EventType "tourn"]
[EventRounds "13"]
[EventCountry "HUN"]
[EventCategory "9"]
[SourceTitle "CBM 029"]
[Source "ChessBase"]
[SourceDate "1992.08.01"]
[SourceVersion "1"]
[SourceVersionDate "1992.08.01"]
[SourceQuality "1"]

1. d4 Nf6 2. Nf3 e6 3. g3 c5 4. Bg2 cxd4 5. Nxd4 d5 6. O-O e5 7. Nf3 Nc6 8. c4
d4 9. e3 d3 10. Nc3 Bb4 11. Nxe5 (11. Bd2 O-O 12. Nd5 Nxd5 13. cxd5 Qxd5 14.
Nd4 Qd6 15. Nxc6 Bxd2 (15... bxc6 16. Bxb4 Qxb4 17. Bxc6 Bh3 18. Bxa8 Rxa8 19.
Qxd3 Bxf1 20. Rxf1 Qxb2 $14 {Yusupov,A-Tal,M/URS-ch/1979/}) 16. Nxe5 Qxe5 17.
Qxd2 Rd8 18. Rfc1 Bf5 19. Rc3 Rac8 20. Bxb7 Rxc3 21. bxc3 Qb5 $36 {Rashkovsky,
N-Dautov,R/Sverdlovsk/1989/}) 11... Nxe5 12. Qa4+ Nc6 13. Bxc6+ bxc6 14. Qxb4
d2 $6 (14... Bh3 15. Rd1 Bg4 16. Rd2 Qd7 17. Qc5 O-O-O 18. e4 Kb7 19. e5 Bf3 $1
20. Qe3 Qf5 $17 {Mishuchkov-Kopylov,N/corr/1981/}) 15. Bxd2 Qxd2 16. Rfd1 $1 {N
} (16. Rad1 Qc2 17. Qd6 Bd7 18. e4 O-O-O 19. Rc1 Nxe4 20. Qd4 Ng5 21. Qxa7 Nh3+
22. Kg2 Nf4+ $13 {Sosonko,G-Miles,A/Bad Lauterberg/1977/}) 16... Qc2 17. Qd6
Bd7 18. e4 O-O-O 19. Rac1 Nxe4 (19... Qxb2 20. Rb1 Ne8 21. Qe5 f6 22. Qa5 $18)
20. Rxc2 Nxd6 21. Rxd6 Rhe8 22. Rcd2 Kc7 23. f3 $1 Re7 24. Kf2 Rde8 25. b4 Rb8
26. a3 Rbe8 27. b5 cxb5 28. cxb5 Bc8 29. Ne4 Re5 30. Rc6+ Kb8 31. Nd6 Rd8 32.
Rdc2 (32. Rxc8+ Rxc8 33. Nxc8 Kxc8 34. a4 Rc5 $14) 32... Be6 33. b6 Rd5 (33...
axb6 34. Rxb6+ Ka7 35. Rcc6 $1) 34. bxa7+ Kxa7 35. Nxf7 Re8 (35... Rd2+ 36.
Rxd2 Rxd2+ 37. Ke3 $18) 36. Re2 Bd7 (36... Bxf7 37. Rc7+ Ka6 38. Rxf7 $18) 37.
Rxe8 Bxc6 38. Re7+ Kb6 39. Ne5 Bb5 40. Ke3 Rc5 41. Nd7+ {Ftacnik,L} 1-0

[Event "RUS-ch"]
[Site "Elista"]
[Date "1995.??.??"]
[Round "7"]
[White "Ulybin, Mikhail"]
[Black "Sakaev, Konstantin"]
[Result "1/2-1/2"]
[WhiteElo "2545"]
[BlackElo "2570"]
[Annotator "Giese"]
[PlyCount "62"]
[EventDate "1995.10.??"]
[EventType "swiss"]
[EventRounds "11"]
[EventCountry "RUS"]
[SourceTitle "CBM 050"]
[Source "ChessBase"]
[SourceDate "1996.02.01"]
[SourceVersion "1"]
[SourceVersionDate "1996.02.01"]
[SourceQuality "1"]

1. d4 d5 2. c4 c6 3. Nf3 Nf6 4. Nc3 e6 5. g3 dxc4 6. Bg2 Nbd7 7. a4 Bb4 8. O-O
O-O 9. Qc2 Qe7 10. Na2 Bd6 11. Qxc4 e5 12. Qc2 Re8 13. Nc3 exd4 14. Nxd4 Nc5
15. Rd1 Be5 16. Rb1 a5 17. h3 Na6 18. e4 Nb4 19. Qb3 c5 20. Nf5 Bxf5 21. exf5
Bd4 22. Nb5 c4 $2 {[%cal Gc8c1]} 23. Qxc4 Bxf2+ $2 $16 {[%cal Ge7e1] [#]} 24.
Kxf2 Rac8 (24... Rad8) 25. Qf1 $2 (25. Qb3 $142 $1 {[%csl Rd3,Re3]} Rc2+ (25...
Qe2+ 26. Kg1 Rc2 (26... Red8 27. Bg5 $18) 27. Qf3 $18) 26. Kg1 Rxg2+ 27. Kxg2
Qe4+ 28. Kg1 Qxb1 29. Nd6 {[%csl Rb7,Re8,Rf7] the material balance has been
restored and Black s queen is out of play das materielle Gleichgewicht ist
wieder hergestellt; dafür steht die schwarze Dame ungünstig} Re7 (29... Rf8 30.
Bg5 Qc2 31. Qxc2 Nxc2 32. Nxb7 $18) 30. Bg5 {[%csl Rb1]} Re1+ (30... Qc2 31.
Qxc2 Nxc2 32. Nxb7 {[%cal Gd1d8] +/-/(+-)}) 31. Kf2 Nd3+ 32. Rxd3 Rf1+ 33. Ke3
Qc1+ 34. Kd4 Qc7 35. Ne4 $18) (25. Qd4 Nc2 $5 (25... Qe2+ 26. Kg1 Ne4 (26...
Rc2 27. Bd2 $18) 27. Kh2 Rc2 28. Qg1 Nf2 29. Nc3 Nxd1 (29... Qh5 30. Rd2 $18)
30. Nxe2 Rexe2 31. Bf4 Nxb2 32. Re1 {+/-/+-}) 26. Qd3 Ne1 {[%csl Rd3][%cal
Yc8c2]} 27. Qe3 Qxe3+ (27... Qb4 $2 28. Rxe1 Rc2+ 29. Kg1 Rxe3 30. Bxe3 $18)
28. Bxe3 Nxg2 29. Bd4 Rc2+ 30. Kf3 $16 {[%csl Rg2]}) 25... Rxc1 $1 {[%csl Re3]}
26. Kg1 (26. Rbxc1 $4 Qe3#) (26. Bf3 $4 Rc2+ 27. Kg1 Qe3+ 28. Kh1 Rf2 $19)
26... Qe3+ 27. Kh2 Rxb1 28. Rxb1 h5 $132 29. Nd6 Re7 30. Nxb7 h4 31. Qf4 hxg3+
$13 1/2-1/2

[Event "Hoogeveen Essent op"]
[Site "Hoogeveen"]
[Date "2004.10.23"]
[Round "9"]
[White "Romanishin, Oleg M"]
[Black "Gurevich, Mikhail"]
[Result "1/2-1/2"]
[WhiteElo "2543"]
[BlackElo "2644"]
[Annotator "Gurevich,M"]
[PlyCount "49"]
[EventDate "2004.10.15"]
[EventType "swiss"]
[EventRounds "9"]
[EventCountry "NED"]
[SourceTitle "CBM 102 Extra"]
[Source "ChessBase"]
[SourceDate "2004.11.03"]
[SourceVersion "1"]
[SourceVersionDate "2004.11.03"]
[SourceQuality "1"]

1. d4 d5 2. c4 c6 3. Nf3 Nf6 4. Nc3 e6 5. g3 dxc4 6. Bg2 Nbd7 7. O-O b5 8. Bg5
Bb7 9. a4 Qb6 (9... b4 $6 10. Ne4 c5 11. Nfd2 Qc7 12. Bf4 Qc8 13. Rc1 Nxe4 14.
Nxe4 f5 15. Nxc5 Nxc5 16. dxc5 Bxg2 17. Kxg2 Qxc5 18. e4 $1 $40 Qc6 19. Qd4 Rc8
20. Rfe1 Kf7 21. f3 $16 {1-0 Romanishin,O-Ivanchuk,V/Kharkiv UKR 2004/The Week
in Chess 512 (42)}) (9... a6 10. Ne5 Qc8 11. Qc2 h6 12. Nxd7 Qxd7 13. Bxf6 gxf6
14. Ne4 Be7 15. Rfd1 Rd8 16. b3 cxb3 17. Qxb3 Qc7 18. Rac1 Qa5 19. axb5 axb5
20. e3 $16 {1-0 Izoria,Z-Timofeev,A/Oropesa del Mar 2001/EXT 2002 (48)}) 10.
Ne5 Rd8 11. Nxd7 Rxd7 12. Bxf6 gxf6 13. e3 h5 $5 {N} (13... f5 14. b3 Bb4 15.
Na2 a5 16. Nxb4 axb4 17. a5 Qa6 18. bxc4 c5 19. cxb5 Qxb5 20. Bxb7 Rxb7 21. a6
Ra7 22. dxc5 $14 {1/2-1/2 Romanishin,O-Sveshnikov,E/Bled 1998/EXT 99 (41)}) 14.
b3 (14. a5 $5 Qd8 (14... Qa6 15. Ne4 Be7 16. Qf3 f5 17. Nc5 Bxc5 18. dxc5 b4
19. Qf4 $36) 15. a6 Ba8 16. Qf3 h4 17. Nxb5 cxb5 (17... hxg3 18. fxg3 cxb5 19.
Qxa8 Qxa8 20. Bxa8 $14) 18. Qxa8 Qxa8 19. Bxa8 Rd6 20. Ra5 $14) 14... b4 $5 (
14... cxb3 15. Qxb3 $36 (15. a5 $5)) 15. Ne4 Qd8 $5 16. bxc4 (16. Qf3 f5 17.
Nc5 Bxc5 18. dxc5 cxb3 19. Rad1 Rd2 $17) 16... c5 17. a5 $1 Be7 (17... cxd4 18.
Qa4 $1 Be7 19. c5 $36) 18. a6 $6 (18. Qa4 $1 Bxe4 19. Bxe4 Kf8 20. Rad1 $36 (
20. dxc5 $5 Bxc5 21. Rfd1 Rd2 22. Bf3 $16)) 18... Bxe4 19. Bxe4 Kf8 20. d5 (20.
Bc6 Rd6 21. d5 f5 $132) 20... f5 21. Bf3 Bf6 22. Ra2 h4 $132 23. Qa4 Kg7 (23...
hxg3 24. fxg3 $5 Rd6 25. Re2 $36 {Romanishin,O}) 24. Qc6 (24. dxe6 fxe6 25. g4
$5 Rh6 26. gxf5 exf5 27. Kh1 h3 $132) 24... Rc7 25. Qb5 (25. Qb5 Qd7 26. Qa5
$13 (26. Qxd7 Rxd7 $15)) 1/2-1/2